Záchranný výskum v Nitre

Bibliographic Details
Main Author: Březinová, Gertrúda, 1954- (Author)
Format: Article
Language:Slovak
PhysicalDescription:Obr. 21, res. nem.
ISBN:8088709091
Subjects:

MARC

LEADER 00000nab a2200000 a 4500
001 vtls000518250
003 SK-MaSNL
005 20260304102434.0
008 250425c1993 xo 0 slo
015 |a SNBRA19rr/mm-uuuuu 
035 |a CL0518388 
035 |a urn:nbn:sk:snk-abcye 
035 |a (urnnbn)urn:nbn:sk:snk:ar-a04dxw 
035 |a (uuid)445cd250-985e-4fad-b53f-20119794c2e6 
040 |a SNKBUCL  |b slo  |c SNKBUCL  |e AACR2 
041 0 |a slo 
044 |a xo  |c SK 
080 |a 903.3/.5"637":902  |2 1981 
080 |a 902  |2 1981 
080 |a 903.3/.5"6387"  |2 1981 
100 1 |a Březinová, Gertrúda,  |d 1954-  |4 aut  |9 9984 
245 1 0 |a Záchranný výskum v Nitre  |c Gertrúda Březinová 
300 |b Obr. 21, res. nem. 
650 0 7 |a sídliská  |2 snkbucl  |9 26585 
650 0 7 |a pohrebiská  |2 snkbucl  |9 30462 
650 0 7 |a doba bronzová  |2 snkbucl  |9 79087 
650 0 7 |a doba laténska  |2 snkbucl  |9 71483 
651 7 |a Nitra (Slovensko)  |2 snkbucl  |9 15714 
655 7 |a články zo zborníkov  |2 snkbucl  |9 166140 
773 0 |t Archeologické výskumy a nálezy na Slovensku v roku 1992  |d Nitra : Archeologický ústav Slovenskej akadémie vied, 1993  |g S. 28-29  |z 8088709091 
850 |a Slovenská národná knižnica 
852 |a Slovenská národná knižnica 
954 |a odborná, vedecká literatúra pôvodná (slovenská)  |2 lita 
957 |a 5206 
958 |a article27 
958 |a RK 
958 |a OND 
958 |a EUIPO 
992 |a RZB 
999 |c 2845003  |d 2846933